• 首页
  • 本馆介绍
  • 公告通知
  • 最新文献
  • 馆藏检索
  • 电子资源
  • 读者导购
  • 参考咨询
  • 我的图书馆
  • 登录
  • 详细信息显示
  • 放入我的书架
  • 预约/预借图书
  • 作者相关作品
  • 分类相关作品
  • 丛书相关作品
  • 出版社相关作品

书目信息

  • 表格格式
  • 工作单格式
  • 卡片格式
题名:
天体力学引论
    
 
作者: 柯瓦列夫斯基 , Kovalevsky 著 ;黄坤仪 译
分册:  
出版信息: 北京   科学出版社  1984
页数: 163页
开本: 19cm
丛书名:
单 册:
中图分类: P13
科图分类:
主题词: 天体力学--概论
电子资源:
ISBN:
000 00860nam0 2200289 45
001 0184002336
005 20040520164432.3
010    @dCNY0.85
091    @a13031.2509
100    @a19950316d1984 em y0chiy0121 ea
101 1  @achi@ceng
102    @aCN@b110000
105    @ay z 000yy
106    @ar
200 10 @a天体力学引论@Atian ti li xue yin lun@f( )柯瓦列夫斯基(J.Kovalevsky)著@g黄坤仪译
210    @a北京@c科学出版社@d1984
215    @a163页@d19cm
300    @a书名原文:Introduction to celestial mechanics
510 1  @aIntroduction to celestial mechanics@zeng
606    @a天体力学@x概论
690    @aP13@v3
701  1 @a柯瓦列夫斯基@Ake wa lie fu si ji@bJ.@4著
701 A1 @aKovalevsky@bJ.@4著
702  0 @a黄坤仪@Ahuang kun yi@4译
801  0 @aCN@b上海图书馆@c20040520
801  2 @aCN@bNLC@c20040520
905    @f1@b101819@dP13@e20
    
    天体力学引论/( )柯瓦列夫斯基(J.Kovalevsky)著/黄坤仪译.-北京:科学出版社,1984
    163页;19cm
    书名原文:Introduction to celestial mechanics
    
    ISBN :CNY0.85
    
●
相关链接 在E读中查询图书 在五车中查询图书 在当当中查询图书 在豆瓣中查询图书


正题名:天体力学引论     索取号:P13/20         预约/预借

序号 登录号 条形码 馆藏地/架位号 状态 备注
1 0101819   000628226   第三借阅区/ [索取号:P13/20] 在馆    
2 0101820   202101509   第二样本阅览室/ [索取号:P13/20] 在馆    
唐山师范学院图书馆 欢迎您!
大连网信软件有限公司© 版权所有